00367nam a2200121Ia 4500008004100000041000800041082000800049100005700057245005600114260004900170300002000219440000600239221007s9999 xx 000 0 und d aeng bKOM aKomal Pawar - 2k171039 & Prof. Parnita Sonar - Guide aTo Study The Empolyee Job Satisfaction In It Sector c2018bSavitribai Phule Pune UniversityaPune a59pcHard Bound v1